[Event "Abe Yanofsky mem. U1800"]
[Site "Winnipeg CAN"]
[Date "2025.08.30"]
[Round "2.15"]
[White "Breadner, David"]
[Black "Jo, Asher"]
[Result "1-0"]
[WhiteElo "1652"]
[BlackElo "1473"]
[WhiteFideId "-1"]
[WhiteFideId "-1"]
[PlyCount "125"]
[GameId "2226107713785996"]
[EventDate "2025.08.30"]
[EventType "swiss"]
[EventRounds "5"]
[EventCountry "CAN"]

1. d4 e6 2. c4 Nf6 3. Nc3 Bb4 4. Qc2 Nc6 5. Nf3 O-O 6. e4 d6 7. Bd3 e5 8. dxe5 dxe5 9. O-O Bg4 10. Be2 Bxf3 11. Bxf3 Nd4 12. Qd3 c5 13. Bg5 Qd6 14. Bxf6 Qxf6 15. Nd5 Nxf3+ 16. Qxf3 Qxf3 17. gxf3 Bd2 18. Rad1 Bg5 19. Rd3 Rad8 20. Rfd1 h6 21. Nc3 b6 22. Rd7 Ra8 23. Rb7 Rfb8 24. Rdd7 Rxb7 25. Rxb7 g6 26. Kg2 Kg7 27. Nd5 h5 28. Nc7 Rd8 29. Ne6+ Kg8 30. Nxd8 Bxd8 31. Rxa7 Kf8 32. Kf1 Kg7 33. a3 Kf6 34. b4 cxb4 35. axb4 Be7 36. Rb7 Bd8 37. c5 bxc5 38. bxc5 Ke6 39. Ke2 f5 40. c6 Kf6 41. c7 Bxc7 42. Rxc7 f4 43. h4 g5 44. hxg5+ Kxg5 45. Kf1 Kf6 46. Kg2 Ke6 47. Rh7 Kf6 48. Rxh5 Ke6 49. Rh6+ Kf7 50. Kh3 Kg7 51. Ra6 Kf7 52. Kg4 Ke7 53. Kf5 Kd7 54. Kxe5 Kc7 55. Kd5 Kb7 56. Rf6 Kc7 57. e5 Kd7 58. Rf7+ Ke8 59. e6 Kd8 60. Kd6 Kc8 61. Rd7 Kb8 62. e7 Ka8 63. e8=Q# 1-0

[Event "Abe Yanofsky mem. U1800"]
[Site "Winnipeg CAN"]
[Date "2025.08.30"]
[Round "2.16"]
[White "Towns, Barry"]
[Black "Guzman, Sophia"]
[Result "0-1"]
[WhiteElo "1588"]
[BlackElo "1629"]
[WhiteFideId "-1"]
[WhiteFideId "-1"]
[PlyCount "58"]
[GameId "2226107713790093"]
[EventDate "2025.08.30"]
[EventType "swiss"]
[EventRounds "5"]
[EventCountry "CAN"]

1. b4 e5 2. Bb2 Bxb4 3. Bxe5 Nf6 4. Nf3 d6 5. Bb2 Nc6 6. e3 a6 7. a4 O-O 8. Be2 Be6 9. O-O d5 10. d4 Bd6 11. Ne5 Ne7 12. f4 Nf5 13. Qd3 Nd7 14. Bg4 Ne7 15. Nxd7 Bxd7 16. Bxd7 Qxd7 17. e4 dxe4 18. Qxe4 Rfe8 19. f5 Nd5 20. Qxd5 Bxh2+ 21. Kxh2 Qxd5 22. Nc3 Qxd4 23. f6 g6 24. Rad1 Qb6 25. Ba3 Re5 26. Nd5 Rh5+ 27. Kg3 Qa5 28. Rf4 Rxd5 29. Rh1 Rg5+ 0-1

[Event "Abe Yanofsky mem. U1800"]
[Site "Winnipeg CAN"]
[Date "2025.08.30"]
[Round "2.17"]
[White "Einarsson, Ken"]
[Black "Hui, Zenas"]
[Result "1-0"]
[WhiteElo "1797"]
[BlackElo "1402"]
[WhiteFideId "-1"]
[WhiteFideId "-1"]
[PlyCount "81"]
[GameId "2226107713790094"]
[EventDate "2025.08.30"]
[EventType "swiss"]
[EventRounds "5"]
[EventCountry "CAN"]

1. d4 f5 2. c4 Nf6 3. Nc3 e6 4. Nf3 Be7 5. e3 O-O 6. Bd3 b6 7. e4 fxe4 8. Nxe4 Bb7 9. Nxf6+ Bxf6 10. Ne5 d6 11. Qh5 g6 12. Nxg6 Qe8 13. Qg4 Rf7 14. Nf4+ Rg7 15. Nh5 Rxg4 16. Nxf6+ Kf7 17. Nxe8 Kxe8 18. Bxh7 Rxg2 19. Kf1 Rg4 20. Rg1 Rxd4 21. Rg8+ Kf7 22. Bh6 Rh4 23. Rg7+ Kf6 24. Rg6+ Kf7 25. Re1 e5 26. Re3 Ke8 27. Reg3 Kd7 28. Rg7+ Kc6 29. Be3 Rxc4 30. R3g4 Rxg4 31. Rxg4 Na6 32. h4 Kd7 33. h5 Rh8 34. Rg7+ Ke6 35. h6 d5 36. Bg5 d4 37. Bg8+ Kf5 38. h7 Bc8 39. Bd8 b5 40. Rg5+ Ke4 41. Bf6 1-0

[Event "Abe Yanofsky mem. U1800"]
[Site "Winnipeg CAN"]
[Date "2025.08.30"]
[Round "2.18"]
[White "Minano, John"]
[Black "Letain, Cory"]
[Result "0-1"]
[WhiteElo "1747"]
[BlackElo "1740"]
[WhiteFideId "-1"]
[WhiteFideId "-1"]
[PlyCount "80"]
[GameId "2226107713790095"]
[EventDate "2025.08.30"]
[EventType "swiss"]
[EventRounds "5"]
[EventCountry "CAN"]

1. Nf3 d5 2. g3 Nf6 3. Bg2 g6 4. O-O Bg7 5. d3 O-O 6. Nbd2 Nc6 7. e4 e5 8. exd5 Nxd5 9. Re1 Bg4 10. h3 Be6 11. Nc4 Qd7 12. Kh2 Rae8 13. Ncxe5 Nxe5 14. Nxe5 Qd6 15. d4 h5 16. c4 Nf6 17. Bxb7 h4 18. Bf4 hxg3+ 19. Bxg3 Qb6 20. Bc6 Rd8 21. d5 Nh5 22. Qe2 Nxg3 23. fxg3 Bxe5 24. Qxe5 Qf2+ 25. Kh1 Bxh3 26. d6 Rxd6 27. Re2 Qb6 28. Bg2 Re6 29. Bxh3 Rxe5 30. Rxe5 Qxb2 31. Rae1 Kg7 32. R5e2 Qb7+ 33. Bg2 Rh8+ 34. Kg1 Qb6+ 35. Kf1 Rh5 36. Be4 Re5 37. Rb1 Qd4 38. Rbe1 Qxc4 39. Kg2 f5 40. Bd3 Rxe2+ 0-1

[Event "Abe Yanofsky mem. U1800"]
[Site "Winnipeg CAN"]
[Date "2025.08.30"]
[Round "2.19"]
[White "Stewart, Michael"]
[Black "Wang, Elvis"]
[Result "0-1"]
[WhiteElo "1396"]
[BlackElo "1504"]
[WhiteFideId "-1"]
[WhiteFideId "-1"]
[PlyCount "102"]
[GameId "2226107713794192"]
[EventDate "2025.08.30"]
[EventType "swiss"]
[EventRounds "5"]
[EventCountry "CAN"]

1. d4 d5 2. c4 c6 3. Nf3 Bf5 4. Nc3 e6 5. Qb3 b6 6. Bf4 Nf6 7. e3 Be7 8. Be2 O-O 9. Bg5 Nbd7 10. cxd5 cxd5 11. Bb5 Ne4 12. Bxe7 Qxe7 13. Bxd7 Qxd7 14. Ne5 Qb7 15. O-O Nd2 16. Qb5 Nxf1 17. Rxf1 f6 18. Nd7 a6 19. Nc5 axb5 20. Nxb7 b4 21. Ne2 Rxa2 22. Nd6 Bd3 23. Nc1 Bxf1 24. Nxa2 b3 25. Nc3 Bc4 26. e4 Ra8 27. f3 Ra1+ 28. Kf2 Rc1 29. Na4 b5 30. Nc5 Rc2+ 31. Kg3 Rxb2 32. Nxe6 dxe4 33. Nc5 Rd2 34. Nxb3 Bxb3 35. Nxb5 e3 36. f4 e2 37. Kf2 Bc4 38. Nc3 Rxd4 39. Nxe2 Bxe2 40. Kxe2 Rxf4 41. g3 Ra4 42. h4 Kf7 43. Kf3 Kg6 44. Kg2 Kh5 45. Kh3 g5 46. hxg5 fxg5 47. Kh2 Ra2+ 48. Kg1 Kg4 49. Kf1 Kxg3 50. Ke1 Kf3 51. Kd1 Ke3 0-1

[Event "Abe Yanofsky mem. U1800"]
[Site "Winnipeg CAN"]
[Date "2025.08.30"]
[Round "2.20"]
[White "Trueman, Francis"]
[Black "Melnyk, James"]
[Result "0-1"]
[WhiteElo "1481"]
[BlackElo "1730"]
[WhiteFideId "-1"]
[WhiteFideId "-1"]
[PlyCount "74"]
[GameId "2226107713794193"]
[EventDate "2025.08.30"]
[EventType "swiss"]
[EventRounds "5"]
[EventCountry "CAN"]

1. e4 d6 2. Nf3 Nf6 3. d3 e5 4. Nbd2 Be7 5. Be2 Nc6 6. O-O O-O 7. Re1 Re8 8. c3 Bf8 9. Qc2 Be6 10. Nf1 h6 11. h4 d5 12. N1h2 Rc8 13. Kh1 Bd6 14. Rg1 Ng4 15. g3 dxe4 16. Nxg4 Bxg4 17. dxe4 Qf6 18. Qd3 Bc5 19. Kg2 Rcd8 20. Qc4 Bb6 21. Rf1 Rd7 22. Nh2 Be6 23. Qa4 Qe7 24. Nf3 a6 25. Qc2 Red8 26. a4 Rd6 27. b3 R6d7 28. b4 Qf6 29. b5 Nb8 30. Bb2 Bg4 31. Rad1 axb5 32. axb5 Qe6 33. c4 Bh3+ 34. Kg1 Bxf1 35. Kxf1 Qh3+ 36. Ke1 Qh1+ 37. Bf1 Rxd1+ 0-1

[Event "Abe Yanofsky mem. U1800"]
[Site "Winnipeg CAN"]
[Date "2025.08.30"]
[Round "2.21"]
[White "Miao, Yupeng"]
[Black "Nikkel, Daniel"]
[Result "1-0"]
[WhiteElo "1704"]
[BlackElo "1357"]
[WhiteFideId "-1"]
[WhiteFideId "-1"]
[PlyCount "29"]
[GameId "2226107713794194"]
[EventDate "2025.08.30"]
[EventType "swiss"]
[EventRounds "5"]
[EventCountry "CAN"]

1. e4 e5 2. Nf3 Nc6 3. Bb5 Bc5 4. O-O d6 5. d4 exd4 6. Nxd4 Bd7 7. Nxc6 bxc6 8. Bc4 Ne7 9. Nc3 O-O 10. Na4 Bb6 11. Nxb6 axb6 12. b3 Ng6 13. Bb2 Ne5 14. Qd4 Qg5 15. f4 1-0

[Event "Abe Yanofsky mem. U1800"]
[Site "Winnipeg CAN"]
[Date "2025.08.30"]
[Round "2.22"]
[White "Lee, Zach"]
[Black "Magnussen, Donald"]
[Result "1-0"]
[WhiteElo "1408"]
[BlackElo "1292"]
[WhiteFideId "-1"]
[WhiteFideId "-1"]
[PlyCount "102"]
[GameId "2226107713798291"]
[EventDate "2025.08.30"]
[EventType "swiss"]
[EventRounds "5"]
[EventCountry "CAN"]

1. e4 e6 2. d4 d5 3. e5 c5 4. Nf3 Nc6 5. Bb5 Qb6 6. Ba4 Bd7 7. Bxc6 Bxc6 8. dxc5 Bxc5 9. O-O Nh6 10. Bxh6 gxh6 11. b3 Bb5 12. c4 dxc4 13. Nc3 Bc6 14. bxc4 Rd8 15. Qe2 Qc7 16. Rad1 Bxf3 17. Qxf3 Qxe5 18. Ne4 Be7 19. Rfe1 Rxd1 20. Rxd1 O-O 21. Re1 Rd8 22. Kf1 Qd4 23. Qg3+ Qg7 24. Qc7 f5 25. Nc5 Qf7 26. Qg3+ Qg6 27. Qc7 Qf6 28. Nxe6 Rd6 29. Qc8+ Kf7 30. Nf4 Qg5 31. Nd5 Bf8 32. Qe8+ Kg7 33. Qe3 Rg6 34. Qe5+ Kg8 35. g3 Qg4 36. Nf6+ Rxf6 37. Qxf6 Qxc4+ 38. Re2 Qc1+ 39. Kg2 Qc6+ 40. Qxc6 bxc6 41. Re5 f4 42. gxf4 Bd6 43. Re6 Bxf4 44. Rxc6 a5 45. Kf3 Bd2 46. Rd6 Bg5 47. Rd5 Kf7 48. Rxa5 Ke6 49. Rb5 Kd6 50. Rxg5 hxg5 51. a4 Kc6 {Kg1} 1-0

[Event "Abe Yanofsky mem. U1800"]
[Site "Winnipeg CAN"]
[Date "2025.08.30"]
[Round "2.23"]
[White "Pacin, Ondrej"]
[Black "Iyer, Pia"]
[Result "1-0"]
[WhiteElo "1387"]
[BlackElo "1209"]
[WhiteFideId "-1"]
[WhiteFideId "-1"]
[PlyCount "31"]
[GameId "2226107713798292"]
[EventDate "2025.08.30"]
[EventType "swiss"]
[EventRounds "5"]
[EventCountry "CAN"]

1. e4 d5 2. exd5 Nf6 3. Nc3 Nxd5 4. Nxd5 Qxd5 5. d4 Nc6 6. Be3 Bf5 7. c3 O-O-O 8. Nf3 f6 9. Be2 e5 10. dxe5 Qe6 11. Qa4 Rd5 12. Bc4 Ra5 13. Bxe6+ Bxe6 14. Qe4 f5 15. Qc2 f4 16. Bxf4 {and White won} 1-0

[Event "Abe Yanofsky mem. U1800"]
[Site "Winnipeg CAN"]
[Date "2023.08.31"]
[Round "3.13"]
[White "Jin, Winston"]
[Black "Breadner, David"]
[Result "0-1"]
[WhiteElo "1596"]
[BlackElo "1652"]
[WhiteFideId "-1"]
[WhiteFideId "-1"]
[PlyCount "72"]
[GameId "2226107713802389"]
[EventDate "2025.08.30"]
[EventType "swiss"]
[EventRounds "5"]
[EventCountry "CAN"]

1. e4 e5 2. Nf3 Nc6 3. Bc4 Bc5 4. c3 Nf6 5. d3 d6 6. Nbd2 h6 7. Nf1 O-O 8. Ng3 Ne7 9. O-O Ng6 10. d4 exd4 11. cxd4 Bb6 12. h3 Be6 13. Bb3 Bxb3 14. Qxb3 Re8 15. Qd3 Qd7 16. Bd2 Re7 17. Rfe1 Rae8 18. Bc3 a6 19. Re2 Nf4 20. Qe3 Nxe2+ 21. Qxe2 Nxe4 22. Nxe4 Rxe4 23. Qd3 Qb5 24. Qc2 Re2 25. Qd1 Ba5 26. Bxa5 Qxa5 27. Ne5 Rd2 28. Qe1 dxe5 29. Rc1 Qb4 30. Rc2 Rxd4 31. Qe2 Qd6 32. Rc1 Rd8 33. Kh2 e4+ 34. g3 Rd2 35. Qe3 Qd4 36. Qb3 Qxf2+ 0-1

[Event "Abe Yanofsky mem. U1800"]
[Site "Winnipeg CAN"]
[Date "2023.08.31"]
[Round "3.14"]
[White "Guzman, Sophia"]
[Black "Gannon, Keith"]
[Result "1-0"]
[WhiteElo "1629"]
[BlackElo "1588"]
[WhiteFideId "-1"]
[WhiteFideId "-1"]
[PlyCount "105"]
[GameId "2226107713806486"]
[EventDate "2025.08.30"]
[EventType "swiss"]
[EventRounds "5"]
[EventCountry "CAN"]

1. e4 Nc6 2. d4 e6 3. Nf3 Be7 4. Bd3 d6 5. O-O Nf6 6. Nc3 O-O 7. Be3 Nb4 8. Be2 d5 9. e5 Nd7 10. a3 Nc6 11. Bd3 b6 12. Ne2 a5 13. c3 Ba6 14. Bc2 Bxe2 15. Qxe2 f6 16. exf6 Bxf6 17. Bf4 Re8 18. Qd3 Nf8 19. Ba4 Qd7 20. Qd1 Red8 21. Bb5 Ng6 22. Qa4 Nge7 23. Rac1 Ra7 24. Kh1 Rc8 25. c4 dxc4 26. Rxc4 Qd5 27. Bxc6 Nxc6 28. Qxc6 Qxc6 29. Rxc6 Rd8 30. Rd1 Rd7 31. Rxe6 c5 32. Ne5 Bxe5 33. Bxe5 cxd4 34. Bxd4 b5 35. g3 b4 36. Bxa7 Rxd1+ 37. Kg2 bxa3 38. bxa3 Rd3 39. Re3 Rd7 40. Bb6 a4 41. Bc5 Kf7 42. Re4 Rc7 43. Be3 h6 44. Rxa4 g5 45. Ra7 Rxa7 46. Bxa7 h5 47. h4 gxh4 48. gxh4 Kg6 49. a4 Kf5 50. a5 Kg4 51. a6 Kxh4 52. Be3 Kg4 53. a7 1-0

[Event "Abe Yanofsky mem. U1800"]
[Site "Winnipeg CAN"]
[Date "2025.08.31"]
[Round "3.15"]
[White "Letain, Cory"]
[Black "Wang, Elvis"]
[Result "1/2-1/2"]
[WhiteElo "1740"]
[BlackElo "1504"]
[WhiteFideId "-1"]
[WhiteFideId "-1"]
[PlyCount "96"]
[GameId "2226107713810583"]
[EventDate "2025.08.30"]
[EventType "swiss"]
[EventRounds "5"]
[EventCountry "CAN"]

1. e4 e6 2. d4 d5 3. Nc3 dxe4 4. Nxe4 Nd7 5. Nf3 Ngf6 6. Bg5 Be7 7. Nxf6+ Nxf6 8. Bd3 h6 9. Bd2 O-O 10. c3 b6 11. Qc2 Bb7 12. O-O-O Nd5 13. Kb1 c5 14. dxc5 Bxc5 15. Bh7+ Kh8 16. c4 Nf6 17. Bf4 Qe7 18. Bd3 Nh5 19. Bg3 Rac8 20. Ne5 Bd6 21. Nxf7+ Rxf7 22. Bxd6 Qxd6 23. Bg6 Qf8 24. Bxh5 Rxf2 25. Qd3 Qf5 26. Qxf5 exf5 27. Rd7 Be4+ 28. Ka1 Rc2 29. b3 Rxg2 30. Rhd1 Rg5 31. Bf7 Kh7 32. Rxa7 Ra8 33. Rxa8 Bxa8 34. Rd2 Bf3 35. Kb2 Rg2 36. Rxg2 Bxg2 37. Be8 g5 38. Kc3 f4 39. Kd2 Kg7 40. b4 g4 41. c5 bxc5 42. bxc5 Kf8 43. Bd7 f3 44. c6 Ke7 45. Ke3 h5 46. a4 Bf1 47. Bf5 Kd6 48. Kf2 Bh3 1/2-1/2

[Event "Abe Yanofsky mem. U1800"]
[Site "Winnipeg CAN"]
[Date "2023.08.31"]
[Round "3.16"]
[White "Melnyk, James"]
[Black "Pacin, Ondrej"]
[Result "1-0"]
[WhiteElo "1730"]
[BlackElo "1387"]
[WhiteFideId "-1"]
[WhiteFideId "-1"]
[PlyCount "97"]
[GameId "2226107713810584"]
[EventDate "2025.08.30"]
[EventType "swiss"]
[EventRounds "5"]
[EventCountry "CAN"]

1. e4 c6 2. Nf3 d5 3. Nc3 dxe4 4. Nxe4 Nf6 5. Qe2 Nxe4 6. Qxe4 Nd7 7. d4 Nf6 8. Qd3 Bg4 9. Ne5 g6 10. Nxg4 Nxg4 11. Be2 Nf6 12. O-O Bg7 13. Bf4 O-O 14. Be5 e6 15. Rfd1 Nd5 16. Bxg7 Kxg7 17. Qd2 Nf6 18. Bf3 Qc7 19. c3 Rfd8 20. Qe3 a6 21. Re1 Re8 22. Rad1 Rad8 23. Qc1 Qb8 24. Re5 Qc7 25. Rde1 Nd5 26. g3 Qc8 27. Bg2 f5 28. f4 Nf6 29. Bf3 Qd7 30. Qc2 Qf7 31. Qb3 Rd6 32. Qb4 Rdd8 33. Qc4 Nd5 34. Qe2 Rd6 35. c4 Nc7 36. d5 cxd5 37. cxd5 exd5 38. Rxe8 Nxe8 39. Qxe8 Qxe8 40. Rxe8 Kf7 41. Rc8 Rd7 42. Kf2 Ke7 43. Rh8 Kf6 44. Re8 d4 45. Ke2 b5 46. Kd3 Rd6 47. Re5 h5 48. Rd5 Re6 49. Rxd4 1-0

[Event "Abe Yanofsky mem. U1800"]
[Site "Winnipeg CAN"]
[Date "2023.08.31"]
[Round "3.17"]
[White "Jo, Asher"]
[Black "Miao, Yupeng"]
[Result "0-1"]
[WhiteElo "1473"]
[BlackElo "1704"]
[WhiteFideId "-1"]
[WhiteFideId "-1"]
[PlyCount "92"]
[GameId "2226107713814681"]
[EventDate "2025.08.30"]
[EventType "swiss"]
[EventRounds "5"]
[EventCountry "CAN"]

1. c4 c5 2. g3 g6 3. Bg2 Bg7 4. Nc3 Nc6 5. e3 Nf6 6. Nge2 O-O 7. O-O d6 8. b3 Bd7 9. Bb2 Qc8 10. Re1 Bh3 11. Bh1 e5 12. d4 Rd8 13. d5 Ne7 14. Bg2 Bxg2 15. Kxg2 a6 16. Na4 Qc7 17. f3 b5 18. cxb5 axb5 19. Nac3 b4 20. Nb1 Nfxd5 21. Kf2 f5 22. Nd2 Nb6 23. e4 d5 24. exf5 Nxf5 25. Nc1 e4 26. Bxg7 e3+ 27. Rxe3 Nxe3 28. Kxe3 Qxg7 29. Nd3 Qd4+ 30. Ke2 Re8+ 31. Kf1 Qxd3+ 32. Kf2 Qd4+ 33. Kf1 Re7 34. Kg2 Rae8 35. Nf1 Re2+ 36. Kh3 Qe5 37. g4 Qc3 38. Kg3 Re1 39. Qxe1 Rxe1 40. Rxe1 Qxe1+ 41. Kg2 d4 42. Kg1 Nd5 43. Kg2 Nf4+ 44. Kg1 Qe2 45. Ne3 dxe3 46. Kh1 Qg2# 0-1

[Event "Abe Yanofsky mem. U1800"]
[Site "Winnipeg CAN"]
[Date "2025.08.31"]
[Round "3.18"]
[White "Goodman, Clifford"]
[Black "Lee, Zach"]
[Result "0-1"]
[WhiteElo "1697"]
[BlackElo "1408"]
[WhiteFideId "-1"]
[WhiteFideId "-1"]
[PlyCount "76"]
[GameId "2226107713814682"]
[EventDate "2025.08.30"]
[EventType "swiss"]
[EventRounds "5"]
[EventCountry "CAN"]

1. Nf3 c6 2. c4 d5 3. cxd5 cxd5 4. d4 Nc6 5. Bf4 Bf5 6. a3 e6 7. e3 Nf6 8. h3 Qa5+ 9. Qd2 Qb6 10. Nc3 Ne4 11. Nxe4 Bxe4 12. Bd3 Bxf3 13. gxf3 Be7 14. Rg1 g6 15. b4 O-O 16. Ke2 Rfe8 17. Rac1 Bf6 18. Bg5 Bxg5 19. Rxg5 e5 20. dxe5 f6 21. exf6 Nd4+ 22. Kf1 Nxf3 23. Qc2 Nxg5 24. Bxg6 Qb5+ 25. Bd3 Qd7 26. Bf5 Qf7 27. h4 Nf3 28. Ke2 Qh5 29. f7+ Kxf7 30. Kf1 Qxh4 31. Kg2 Qh5 32. Qc7+ Re7 33. Qf4 Rg8+ 34. Kf1 Rg1+ 35. Ke2 Nd4+ 36. Kd2 Nb3+ 37. Kc2 Rxc1+ 38. Kxb3 Qd1+ 0-1

[Event "Abe Yanofsky mem. U1800"]
[Site "Winnipeg CAN"]
[Date "2025.08.31"]
[Round "3.19"]
[White "Hui, Zenas"]
[Black "Towns, Barry"]
[Result "0-1"]
[WhiteElo "1402"]
[BlackElo "1588"]
[WhiteFideId "-1"]
[WhiteFideId "-1"]
[PlyCount "40"]
[GameId "2226107713818779"]
[EventDate "2025.08.30"]
[EventType "swiss"]
[EventRounds "5"]
[EventCountry "CAN"]

1. c4 Nf6 2. Nc3 d5 3. cxd5 Nxd5 4. g3 e6 5. Bg2 c6 6. e3 Bd6 7. Nge2 O-O 8. O-O Nd7 9. d4 f5 10. a3 N7f6 11. b4 b6 12. Bb2 Ba6 13. Re1 Qc7 14. Nxd5 exd5 15. Nc3 h5 16. Qc2 h4 17. Qxf5 hxg3 18. hxg3 Rae8 19. Qc2 Ng4 20. Nd1 Bxg3 0-1

[Event "Abe Yanofsky mem. U1800"]
[Site "Winnipeg CAN"]
[Date "2025.08.31"]
[Round "3.22"]
[White "Nikkel, Daniel"]
[Black "Minano, John"]
[Result "0-1"]
[WhiteElo "1357"]
[BlackElo "1747"]
[WhiteFideId "-1"]
[WhiteFideId "-1"]
[PlyCount "33"]
[GameId "2226107713822878"]
[EventDate "2025.08.30"]
[EventType "swiss"]
[EventRounds "5"]
[EventCountry "CAN"]

1. Nf3 f5 2. d4 Nf6 3. Nc3 e6 4. Bg5 Be7 5. Bxf6 Bxf6 6. e4 fxe4 7. Nxe4 O-O 8. Nxf6+ Qxf6 9. Qd2 c5 10. O-O-O cxd4 11. Bb5 Nc6 12. Bxc6 bxc6 13. Rhf1 Ba6 14. Rfe1 c5 15. b3 Rab8 16. Re5 d6 17. Rxe6 0-1

[Event "Abe Yanofsky mem. U1800"]
[Site "Winnipeg CAN"]
[Date "2025.08.31"]
[Round "3.23"]
[White "Magnussen, Donald"]
[Black "Iyer, Pia"]
[Result "1-0"]
[WhiteElo "1292"]
[BlackElo "1209"]
[WhiteFideId "-1"]
[WhiteFideId "-1"]
[PlyCount "69"]
[GameId "2226107713826975"]
[EventDate "2025.08.30"]
[EventType "swiss"]
[EventRounds "5"]
[EventCountry "CAN"]

1. c4 e5 2. g3 Nc6 3. Nc3 Bc5 4. Bg2 Qe7 5. Nd5 Qd8 6. e3 Nf6 7. Nc3 d6 8. Nge2 O-O 9. O-O Be6 10. d4 exd4 11. exd4 Nxd4 12. Nxd4 Bxd4 13. Qxd4 c6 14. Bg5 c5 15. Qh4 Bxc4 16. Qxc4 h6 17. Bxf6 Qxf6 18. Qd5 Rfe8 19. Ne4 Qxb2 20. Nxd6 Rf8 21. Qxb7 Qf6 22. Ne4 Qd4 23. Rac1 Rfb8 24. Qe7 Qb2 25. Rxc5 Qxa2 26. Rfc1 Rb1 27. Nf6+ gxf6 28. Bxa8 Rxc1+ 29. Rxc1 Qb2 30. Rc8+ Kg7 31. Qf8+ Kg6 32. Be4+ Kh5 33. Qxf7+ Kg4 34. Qg6+ Kh3 35. Qh5# 1-0

[Event "Abe Yanofsky mem. U1800"]
[Site "Winnipeg CAN"]
[Date "2025.08.31"]
[Round "4.13"]
[White "Breadner, David"]
[Black "Guzman, Sophia"]
[Result "0-1"]
[WhiteElo "1629"]
[BlackElo "1730"]
[WhiteFideId "-1"]
[WhiteFideId "-1"]
[PlyCount "58"]
[GameId "2226107713826976"]
[EventDate "2025.08.30"]
[EventType "swiss"]
[EventRounds "5"]
[EventCountry "CAN"]

1. d4 d5 2. c4 c6 3. Nf3 Nf6 4. Nc3 e6 5. Bg5 Be7 6. cxd5 cxd5 7. e3 O-O 8. Bd3 Nc6 9. a3 h6 10. Bh4 Nd7 11. Bg3 a6 12. O-O b5 13. Rc1 Bb7 14. Na2 Nb6 15. Qb3 Nc4 16. Nb4 N6a5 17. Qa2 Bd6 18. b3 Nb6 19. Bxd6 Qxd6 20. Ne5 Nd7 21. Nf3 e5 22. dxe5 Nxe5 23. Nd4 Nac6 24. Ndxc6 Nxc6 25. Qd2 Ne5 26. Rfd1 Ng4 27. g3 d4 28. exd4 a5 29. Nc2 Qd5 0-1

[Event "Abe Yanofsky mem. U1800"]
[Site "Winnipeg CAN"]
[Date "2025.08.31"]
[Round "4.14"]
[White "Towns, Barry"]
[Black "Letain, Cory"]
[Result "0-1"]
[WhiteElo "1588"]
[BlackElo "1740"]
[WhiteFideId "-1"]
[WhiteFideId "-1"]
[PlyCount "96"]
[GameId "2226107713826977"]
[EventDate "2025.08.30"]
[EventType "swiss"]
[EventRounds "5"]
[EventCountry "CAN"]

1. b4 Nf6 2. Bb2 g6 3. Nf3 Bg7 4. d4 d5 5. e3 O-O 6. c4 c6 7. Nbd2 a6 8. a4 Bg4 9. Be2 Nbd7 10. h3 Bxf3 11. Bxf3 Re8 12. O-O e6 13. Re1 Qc7 14. e4 dxe4 15. Bxe4 Nxe4 16. Nxe4 Rad8 17. c5 Nf6 18. Nd6 Re7 19. Qb3 Ne8 20. Nxe8 Rexe8 21. Rad1 Rd5 22. Re3 Red8 23. Re4 e5 24. Rde1 h6 25. dxe5 Rd3 26. Qc4 Rd1 27. a5 Rxe1+ 28. Rxe1 Rd5 29. f4 Qe7 30. g3 Qe6 31. g4 h5 32. Qe2 Qd7 33. Bc1 Rd3 34. Kh2 h4 35. Qf2 Rg3 36. Re3 Qd4 37. Re2 Qxb4 38. Rb2 Qc3 39. Rc2 Rxh3+ 40. Kg2 Rg3+ 41. Kh2 Qxa5 42. Rd2 Qc3 43. Rd1 Bf8 44. f5 Rf3 45. Qxh4 Qxe5+ 46. Kh1 Qe4 47. Kg2 Rd3+ 48. Kh2 Qe2+ 0-1

[Event "Abe Yanofsky mem. U1800"]
[Site "Winnipeg CAN"]
[Date "2025.08.31"]
[Round "4.15"]
[White "Melnyk, James"]
[Black "Gannon, Keith"]
[Result "1-0"]
[WhiteElo "1730"]
[BlackElo "1588"]
[WhiteFideId "-1"]
[WhiteFideId "-1"]
[PlyCount "101"]
[GameId "2226107713831074"]
[EventDate "2025.08.30"]
[EventType "swiss"]
[EventRounds "5"]
[EventCountry "CAN"]

1. e4 e5 2. Nf3 Nc6 3. c3 Nf6 4. d4 exd4 5. e5 Nd5 6. Qb3 Nb6 7. cxd4 Bb4+ 8. Nbd2 O-O 9. Be2 d6 10. O-O dxe5 11. dxe5 Bg4 12. Rd1 Qe7 13. h3 Be6 14. Qc2 Bxd2 15. Bxd2 f6 16. exf6 Qxf6 17. Bg5 Qf7 18. b3 Nd5 19. Bd3 Bf5 20. Bxf5 Qxf5 21. Qc4 Rad8 22. Bxd8 Rxd8 23. Rd2 Ne5 24. Nxe5 Qxe5 25. Rad1 c6 26. Re2 Qf6 27. Rde1 Qf7 28. a3 h6 29. Re4 Rf8 30. Qc2 Nf6 31. Re7 Qh5 32. Rxb7 Re8 33. Rxe8+ Nxe8 34. Kf1 a5 35. Qe2 Qxe2+ 36. Kxe2 Nd6 37. Ra7 Nb5 38. Rxa5 Nd4+ 39. Kd3 Nxb3 40. Ra7 c5 41. Kc4 Nd2+ 42. Kxc5 Ne4+ 43. Kc6 Nxf2 44. a4 Nd3 45. a5 Nf4 46. a6 Nxg2 47. Rc7 Nf4 48. a7 Nxh3 49. a8=Q+ Kh7 50. Qa7 Ng5 51. Rxg7+ 1-0

[Event "Abe Yanofsky mem. U1800"]
[Site "Winnipeg CAN"]
[Date "2025.08.31"]
[Round "4.16"]
[White "Wang, Elvis"]
[Black "Miao, Yupeng"]
[Result "1/2-1/2"]
[WhiteElo "1504"]
[BlackElo "1704"]
[WhiteFideId "-1"]
[WhiteFideId "-1"]
[PlyCount "72"]
[GameId "2226107713831075"]
[EventDate "2025.08.30"]
[EventType "swiss"]
[EventRounds "5"]
[EventCountry "CAN"]

1. d4 d5 2. Nf3 Nf6 3. b3 Bf5 4. Bb2 e6 5. e3 Be7 6. Be2 Nbd7 7. Nbd2 O-O 8. O-O c5 9. Rc1 Rc8 10. c4 h6 11. Re1 b6 12. h3 Ne4 13. Nxe4 Bxe4 14. Bd3 Bxd3 15. Qxd3 Re8 16. Re2 Bf6 17. Rce1 dxc4 18. bxc4 Qc7 19. Rc1 e5 20. dxe5 Nxe5 21. Nxe5 Bxe5 22. Bxe5 Qxe5 23. Rd1 Qe4 24. Red2 Qxd3 25. Rxd3 Re4 26. Rc3 Rc7 27. f3 Ree7 28. Kf2 Red7 29. Rcd3 Rxd3 30. Rxd3 Kf8 31. g4 Ke7 32. Rd5 f6 33. e4 Rd7 34. a4 g5 35. Ke3 Rd6 36. Kd3 a5 1/2-1/2

[Event "Abe Yanofsky mem. U1800"]
[Site "Winnipeg CAN"]
[Date "2025.08.31"]
[Round "4.17"]
[White "Lee, Zach"]
[Black "Jin, Winston"]
[Result "0-1"]
[WhiteElo "1408"]
[BlackElo "1596"]
[WhiteFideId "-1"]
[WhiteFideId "-1"]
[PlyCount "66"]
[GameId "2226107713835172"]
[EventDate "2025.08.30"]
[EventType "swiss"]
[EventRounds "5"]
[EventCountry "CAN"]

1. e4 c5 2. c3 Nf6 3. d3 Nc6 4. Nf3 e6 5. Nbd2 d6 6. Nb3 a6 7. Be3 b5 8. Be2 Bb7 9. O-O Be7 10. d4 Nxe4 11. Bd3 cxd4 12. cxd4 Nf6 13. Bg5 Nd5 14. Bxe7 Qxe7 15. Rc1 Rc8 16. Re1 O-O 17. Qd2 Nf6 18. Qf4 Rfe8 19. Qh4 h6 20. Qg3 Nb4 21. Rxc8 Rxc8 22. Bf5 Nxa2 23. Qh3 Bd5 24. Nbd2 Qb7 25. Bd3 Nb4 26. Bb1 Bxf3 27. gxf3 Nc2 28. Bxc2 Rxc2 29. Ne4 Nxe4 30. Rxe4 Rxb2 31. Rg4 Kh7 32. Qg3 f5 33. Rg6 Qf7 0-1

[Event "Abe Yanofsky mem. U1800"]
[Site "Winnipeg CAN"]
[Date "2025.08.31"]
[Round "4.18"]
[White "Minano, John"]
[Black "Stewart, Michael"]
[Result "1-0"]
[WhiteElo "1747"]
[BlackElo "1396"]
[WhiteFideId "-1"]
[WhiteFideId "-1"]
[PlyCount "69"]
[GameId "2226107713835173"]
[EventDate "2025.08.30"]
[EventType "swiss"]
[EventRounds "5"]
[EventCountry "CAN"]

1. Nf3 d5 2. g3 b6 3. Bg2 Bb7 4. O-O c5 5. d3 Nc6 6. Nbd2 Rb8 7. e4 dxe4 8. dxe4 g6 9. c3 a6 10. a4 Bg7 11. Qe2 e5 12. Rd1 Qc7 13. Nc4 Nf6 14. Bg5 Nxe4 15. Qxe4 Nd4 16. Qd3 Nxf3+ 17. Bxf3 O-O 18. Bxb7 Rxb7 19. Nd6 Rbb8 20. Qe3 f6 21. Bh6 Rbd8 22. Bxg7 Kxg7 23. Ne4 h6 24. a5 Rc8 25. axb6 Qxb6 26. Rd6 Rc6 27. Rxc6 Qxc6 28. Nxc5 Ra8 29. Qe4 Qe8 30. Qb7+ Kg8 31. Nd7 Qd8 32. Nxf6+ Kf8 33. Nd7+ Kg8 34. Nxe5 Rb8 35. Qf7+ 1-0